000 00617nam a2200217Ia 4500
008 101110s9999 xx 000 0 und d
041 _aENGLISH
082 _bSR33037
100 _aKrugman,Paut R. & Obstfeld
245 _aInternational Economics Theory & Policy 8th edition
260 _c2009
_bPerson education,New Delhi
300 _a706
365 _b499
520 _aEconomics
546 _aENGLISH
630 _aInternational Economics Theory & Policy 8th edition
650 _aEconomics
655 _aEconomics
730 _aInternational Economics Theory & Policy 8th edition
942 _cBOOK
999 _c825538
_d825535